Elektronno-dyročnyje kapli v poluprovodnikach

Gespeichert in:
Bibliographische Detailangaben
Format: Buch
Veröffentlicht: Moskva : Nauka, 1988
Tags: Tag hinzufügen
Keine Tags, Fügen Sie das erste Tag hinzu!

MARC

LEADER 00000nam a22000003a 4500
001 stu14535
005 20141122090423.8
008 ------s1988----xxr---------------------d
040 |a STU  |b slo 
041 0
044 |a xxr 
080 |a 621.315.592 
245 |a Elektronno-dyročnyje kapli v poluprovodnikach 
260 |a Moskva :  |b Nauka,  |c 1988 
300 |a 477 s :  |b Obr.,tab.,grafy,lit.,index 
996 |b C83721  |c C*83721  |l CCVIIIB  |s P  |a 0  |w stu14535_0001